000 00378cam a2200145ua 4500
041 _aeng
_h
082 _a300
_bBAI/NE
100 _aBaidhyanath, Varma .
245 _aNew survey of the social science /
_cVarma Baidhyanath.
_hTextual Documents
260 _aMumbai :
_bAsia Publishing House ,
_c1962.
300 _a248 ; .
504 _a
942 _cBK
999 _c3715
_d3715